000 00612cam a22002293a 4500
001 1422
003 PGUSA
005 20140828083001.0
008 980801s1998||||xxu|||||s|||||000 1 eng d
040 _aPGUSA
_beng
042 _adc
050 4 _aPR
100 1 _aDickens, Charles,
_d1812-1870
245 1 0 _aGoing into Society
_h[electronic resource] /
_cCharles Dickens
260 _bProject Gutenberg,
_c1998
506 _aPublic domain in the USA.
516 _aElectronic text
653 _aFiction
830 0 _aProject Gutenberg
_v1422
856 4 0 _uhttp://www.gutenberg.org/ebooks/1422
942 _cEB
999 _c230770
_d230770